| 000 | 01144nam a22003497a 4500 | ||
|---|---|---|---|
| 001 | BR0200900 | ||
| 003 | BR-BrBNA | ||
| 005 | 20230928101017.0 | ||
| 007 | ta | ||
| 008 | 230509b bl.||||| |||| 00| 0 por d | ||
| 040 |
_aBR-BrBNA _bpor _cBiblioteca Nacional de Agricultura |
||
| 041 | _a(Por) | ||
| 072 |
_aH10 _b3240 _b1116 _b4010 |
||
| 090 | _ 3240 BR0200900 | ||
| 100 | 1 | _aBernardi, E.B. | |
| 110 | 1 |
_aEscola Superior de Agricultura Luiz de Queiroz, Piracicaba, SP (Brasil) _0Tese (Doutor em Ciencias) |
|
| 245 | 1 | _aBiologia de Echetlus evoneobertii sp.n. Zompro (Phasmatodea: Phasmatidae: Platycraninae)em eucalyptus urophylla S.T.Blake e Psidium guajava L. (Myrtaceae) | |
| 260 | 3 |
_aPiracicaba, SP (Brasil): _c2001. |
|
| 300 | _a75 p. | ||
| 500 | _aSummaries (Eng, Por); 45 ref.; 26 tables; 14 illus. | ||
| 650 | _aEucalyptus Urophylla | ||
| 650 | _aGoiaba | ||
| 650 | _aEchetlus Evoneobertii | ||
| 650 | _aBicho Pau | ||
| 650 | _aBiologia | ||
| 650 | _aControle Biologico | ||
| 650 | _aCondicao Ambiental | ||
| 650 | _aPlanta Hospedeira | ||
| 650 | _aNinfa | ||
| 909 |
_a202309 _bLucia _c55 _dLucia Elande |
||
| 942 | _cBK | ||
| 999 |
_c63855 _d63855 |
||